000 00447nam a2200181Ia 4500
008 100917s9999 xx 000 0 und d
082 _b46831
100 _aUrsula Moray Williams
245 _aThe Three Toymakers
260 _bH. H.
_c1970
300 _a128
365 _b0
520 _aबालविभाग
630 _aThe Three Toymakers
650 _aबालविभाग
730 _aThe Three Toymakers
942 _cBOOK
999 _c652225
_d652222